书目信息 |
| 题名: |
Visual Basic.NET实验指导与编程实例
|
|
| 作者: | 李印清编著 | |
| 分册: | ||
| 出版信息: | 北京 清华大学出版社 2006-5-1 |
|
| 页数: | 164页 | |
| 开本: | 26cm | |
| 丛书名: | ||
| 单 册: | ||
| 中图分类: | TP312BA | |
| 科图分类: | ||
| 主题词: | BASIC语言-程序设计 | |
| 电子资源: | ||
| ISBN: | 7-302-12954-1 | |
| 000 | 00686nam0 2200229 45 | |
| 001 | 010461709366 | |
| 005 | 20080229172604.45 | |
| 010 | @a7-302-12954-1@dCNY15.00 | |
| 100 | @a20060720d2006 ekmy0 y0120 ea | |
| 102 | @aCN@b110000 | |
| 105 | @ay z 000yy | |
| 200 | 1 | @aVisual Basic.NET实验指导与编程实例@f李印清编著 |
| 210 | @a北京@c清华大学出版社@d2006-5-1 | |
| 215 | @a164页@d26cm | |
| 300 | @a计算机语言 | |
| 330 | @a本书系统介绍了Visual Basic.NET的编程环境,程序设计基础知识,程序控制结构、数组、过程 | |
| 606 | 1 | @aBASIC语言-程序设计 |
| 690 | @aTP312BA@v4 | |
| 701 | 0 | @a李印清编著 |
| 801 | 0 | @aCN@b安徽儒林@c20080229 |
| 905 | @dTP312BA@eL310 | |
| 906 | @dCNY15.00@n3@r1 | |
| Visual Basic.NET实验指导与编程实例/李印清编著.-北京:清华大学出版社,2006-5-1 |
| 164页;26cm |
| 计算机语言 |
| ISBN 7-302-12954-1:CNY15.00 |
| 本书系统介绍了Visual Basic.NET的编程环境,程序设计基础知识,程序控制结构、数组、过程 |
| ● |
| 相关链接 |
|
|
|
正题名:Visual Basic.NET实验指导与编程实例
索取号:TP312BA/L310
 
预约/预借
| 序号 | 登录号 | 条形码 | 馆藏地/架位号 | 状态 | 备注 |
| 1 | 478965 | 204789657 | 期刊室512/ [索取号:TP312BA/L310] | 在馆 |